000 00293nam a2200121Ia 4500
008 191201s2014 xx 000 0 und d
100 _aRAMAMRUTHAM, S
245 0 _aTheory of structures
260 _aN. delhi
_bDhanpat Rai
_c2014
300 _a1272
650 _aB.Tech(CE)
942 _2ddc
_cBK
_09
999 _c6294
_d6294